| 000 | 00551nam a2200229Ia 4500 | ||
|---|---|---|---|
| 005 | 20241129115532.0 | ||
| 008 | 241129s9999||||xx |||||||||||||| ||und|| | ||
| 020 | _a9788170004233 | ||
| 037 | _aTB | ||
| 040 |
_aSDCL _beng _cSDCL |
||
| 041 |
_aeng _2eng |
||
| 084 |
_a2:51 R3 _qSDCL |
||
| 100 | _aRanganathan S. R. | ||
| 245 | 0 | _aColon classification | |
| 250 | _a6th | ||
| 260 |
_aNew _bEss Ess Publications _c2023 |
||
| 300 | _aVP | ||
| 365 |
_aINR _b350 |
||
| 650 | _aGift | ||
| 942 |
_cTB _h2:51 R3 |
||
| 999 |
_c1230869 _d1230869 |
||